| 000 | 00771nam a2200229Ia 4500 | ||
|---|---|---|---|
| 003 | OSt | ||
| 005 | 20260128114134.0 | ||
| 008 | 220923b |||||||| |||| 00| 0 eng d | ||
| 020 | _a3631556733 | ||
| 037 | _cGeneral Book | ||
| 040 |
_aRTL _cRTL _beng |
||
| 041 |
_2eng _aeng |
||
| 084 |
_a Y:435, P7 _q RTL |
||
| 245 | 0 |
_aRepresenting the unimaginable: narratives of disaster _b |
|
| 260 |
_aFrankfurt _bPeter Lang _c2007 |
||
| 300 |
_a 226 p. : ill. _b Includes bibliographical references and index. |
||
| 650 |
_a Sociology _91112355 |
||
| 700 |
_aStock Angela _9267535 _e Editor |
||
| 700 |
_a Stott Cornelia _e Editor _91112356 |
||
| 942 |
_h Y:435, P7 _cGB _2CC _n0 |
||
| 999 |
_c548319 _d548319 |
||